Movies - Fill In The Blank #2 - Statistics

General Stats
  • This quiz has been taken 70 times
  • The average score is 18 of 25
Answer Stats
Movie % Correct
{Fast} and The Furious
100%
Pulp {Fiction}
98%
{Beverly} Hills Cop
94%
Mrs. Doubt{fire}
94%
Indiana Jones and the Raiders of The {Lost Ark}
90%
{The Big} Lebowski
90%
When {Harry} Met Sally
90%
A {Clockwork} Orange
89%
{Meet} The Fockers
87%
Shaun of The {Dead}
84%
Good Morning, {Vietnam}
83%
My {Cousin} Vinny
83%
{One Flew Over} The Cuckoo's Nest
81%
Rambo: {First} Blood
76%
Napoleon {Dynamite}
75%
Planes, Trains, and {Automobiles}
73%
O Brother, {Where Art Thou}
63%
{Eternal Sunshine} Of The Spotless Mind
60%
Anchorman: The Legend Of {Ron Burgundy}
57%
Austin Powers: {International Man} Of Mystery
56%
The {Hateful} Eight
56%
American {History} X
51%
Cheech & Chong: Up In {Smoke}
49%
South Park: Bigger, {Longer}, and Uncut
33%
The {Number} 23
25%
No matching quizzes found
Score Distribution
Percent of People with Each Score
Percentile by Number Answered
Your Score History
You have not taken this quiz